Normal view
MARC view
- PhD in Biomedical Sciences
Entry Topical Term
001 - CONTROL NUMBER
- control field: 124900
003 - CONTROL NUMBER IDENTIFIER
- control field: NUST
005 - DATE AND TIME OF LATEST TRANSACTION
- control field: 20240730153225.0
008 - FIXED-LENGTH DATA ELEMENTS
- fixed length control field: 240730|| aca||aabn | a|a d
040 ## - CATALOGING SOURCE
- Original cataloging agency: NUST
- Transcribing agency: NUST
150 ## - HEADING--TOPICAL TERM
- Topical term or geographic name entry element: PhD in Biomedical Sciences
670 ## - SOURCE DATA FOUND
- Source citation: Work cat.: (NUST)610647: Mir, Mariam 21372, MULTIFUNCTIONAL WOUND HEALING DEVICE WITH CONTROLLED DRUG DELIVERY AND WOUND HEALTH MONITORING FUNCTIONALITIES FOR REAL-TIME MANAGEMENT OF WOUNDS /
